Every Cod 4: Modern Warfare Mission Name - Statistics

General Stats
  • This quiz has been taken 6 times
  • The average score is 13 of 21
Answer Stats
Description Answer % Correct
A Tutorial mission, you meet Captain Price in this Mission. "What the hell kind of name is Soap, eh?" F.N.G.
100%
The most iconic mission in Call of Duty history. Play as a younger Captain Price 15 years earlier and avoid an army wearing a ghillie suit in order to get into location to assassinate Imrin Zakhaev. All Ghillied Up
83%
Raid a Russian Cargo Ship in the Bering Strait, indirectly discover a Nuclear Warhead. Sink the Ship. Crew Expendable
83%
Shows the state of the war zone after the nuclear missile goes off. Not really a mission. Aftermath
67%
Take the POV of a Marine during a large-scale invasion of Saudi Arabia based on intel of where Khaled Al-Asad is. Named after a quote from Apocalypse Now. Charlie Don't Surf
67%
After surviving a helicopter crash while carrying Nikolai, Soap and the team must fight there way to a secondary extraction point. Hunted
67%
Bonus Mission. Fight your way through an airplane and extract a high value Individual before parachuting out. Mile High Club
67%
Free a team of trapped engineers in a M1A1 tank in this mission. The Bog
67%
Working with the tank you freed in a previous mission, work with it and other Marines to secure enemy territory in Saudi Arabia. War Pig
67%
Deploy into the Caucasus Mountains and save a Russian Informant named Nikolai. Blackout
50%
Using an AC-130U gunship, work with the S.A.S. to get them to the extraction point. Coincides with the previous mission. Death from Above
50%
Escape the Nuclear Silos and fight your way out of there while being assaulted by Russian forces. Get seriously injured and approached by Imrin Zakhaev. While his back is turned, kill Zakhaev and the troops around him using Captain Price's trusty 1911 pistol. Game Over
50%
Back to the modern day and playing as Soap. Assumed that you killed all defending forces around Al-Asad's safehouse. Russian troops begin to swarm you and you have to get to an extraction point ASAP. Heat
50%
Infiltrate the Nuclear Silos and fight your way through them into the war room. Use the abort codes to destroy the nuclear missiles in the air before they reach the United States. No fighting in the war room
50%
Tied in with the previous mission. Shoot off Imrin Zakhaev's arm and get detected. Your superior gets injured and you have to carry him to safety and stand your ground while waiting for exfil to arrive. One Shot, One Kill
50%
Get the real location of Khaled Al-Asad. SAS goes on a stealth mission to the location he is and find him in a barn. Al-Asad is shown to have ties to Imrin Zakhaev, and Captain Price kills him. Safehouse
50%
After getting false intel on the location on Khaled Al-Asad, storm the island he is on with other marines. After rescuing a trapped group of marines, a nuclear device goes off while extraction via helicopter, killing the majority of the marines there. Shock and Awe
50%
Take the POV of Yasir Al-Fulani, Opening Credits roll, Executed at the end of the level by Khaled Al-Asad. The Coup
50%
Kill guards at a Russian Post to capture Imrin Zakhaev's son. Get discovered and after chasing Zakhaev's son onto a roof he commits suicide before you are able to capture him. The Sins of the Father
50%
Nuclear missiles are launched towards the US Eastern Seaboard, est. Causalities 40 million. In this mission you parachute in and save SGT. Griggs before taking out the power to rush the nuclear facility. Ultimatum
50%
Fight your way to the nuclear silo through a heavy guard of soldiers. All in
33%
No matching quizzes found
Score Distribution
Percent of People with Each Score
Percentile by Number Answered
Your Score History
You have not taken this quiz